Towards green ICT (Record no. 10910)

000 -LEADER
fixed length control field 00430 a2200169 4500
020 ## - INTERNATIONAL STANDARD BOOK NUMBER
International Standard Book Number 9788792329349
082 ## - DEWEY DECIMAL CLASSIFICATION NUMBER
Classification number 384
090 ## - LOCALLY ASSIGNED LC-TYPE CALL NUMBER (OCLC); LOCAL CALL NUMBER (RLIN)
-- 7106
-- 7106
100 ## - MAIN ENTRY--PERSONAL NAME
Personal name Prasad, Ramjee
110 ## - MAIN ENTRY--CORPORATE NAME
Corporate name or jurisdiction name as entry element Ohmori, Shingo
245 ## - TITLE STATEMENT
Title Towards green ICT
Statement of responsibility, etc. Ramjee Prasad
260 ## - PUBLICATION, DISTRIBUTION, ETC.
Place of publication, distribution, etc. Denmark
Name of publisher, distributor, etc. River Publishers
Date of publication, distribution, etc. 2010
300 ## - PHYSICAL DESCRIPTION
Extent 362 p.
650 ## - SUBJECT ADDED ENTRY--TOPICAL TERM
Topical term or geographic name entry element Telecommunication--Environmental aspects
700 ## - ADDED ENTRY--PERSONAL NAME
Personal name Ramjee Prasad
942 ## - ADDED ENTRY ELEMENTS (KOHA)
Koha item type Book
Call number prefix 384 PRA
Holdings
Withdrawn status Lost status Damaged status Not for loan Collection code Permanent Location Current Location Shelving location Date acquired Source of acquisition Cost, normal purchase price Total Checkouts Full call number Barcode Date last seen Price effective from Koha item type
          Central Library (CL) Central Library (CL) General Stacks 05/02/2012 Global~Link Information Services 10569.60   384 PRA SEECS011279 11/14/2012 01/05/2017 Book
© 2023 Central Library, National University of Sciences and Technology. All Rights Reserved.